[Event "OP-2021-0-05098"]
[Site "LSS email"]
[Date "2021.02.09"]
[Round "?"]
[White "Wiaderek, Piotr"]
[Black "Martin, Hector Eduardo Lope"]
[Result "1-0"]
[WhiteElo "800"]
[BlackElo "979"]
[PlyCount "31"]
[EventDate "2021.02.09"]
[EventType "tourn (corr)"]
[EventRounds "4"]
[EventCountry "GER"]
[SourceTitle "Corr 2022"]
[Source "ChessBase"]
[SourceDate "2021.10.24"]
[SourceVersion "1"]
[SourceVersionDate "2021.10.24"]
[SourceQuality "1"]

1. e4 c6 2. d4 d5 3. Nc3 dxe4 4. Nxe4 g6 5. Bc4 Bf5 6. Ng5 e6 7. g4 h6 8. Nxf7 Kxf7 9. gxf5 Qa5+ 10. Bd2 Qxf5 11. Nf3 Qe4+ 12. Kf1 Nf6 13. Bd3 Qd5 14. c4 Qd8 15. Ne5+ Ke8 16. Bxg6+ 1-0

[Event "SN-2020-0-01022"]
[Site "LSS email"]
[Date "2020.12.23"]
[Round "?"]
[White "Martin, Hector Eduardo Lope"]
[Black "Guenther, Rainer"]
[Result "1-0"]
[WhiteElo "993"]
[BlackElo "918"]
[PlyCount "27"]
[EventDate "2020.10.05"]
[EventType "tourn (corr)"]
[EventRounds "6"]
[EventCountry "GER"]
[SourceTitle "Corr 2022"]
[Source "ChessBase"]
[SourceDate "2021.10.24"]
[SourceVersion "1"]
[SourceVersionDate "2021.10.24"]
[SourceQuality "1"]

1. c4 Nf6 2. d4 e6 3. Nc3 d5 4. c5 Nc6 5. Nf3 Be7 6. g3 0-0 7. Bg2 Bd7 8. Qb3 b6 9. cxb6 axb6 10. 0-0 Na5 11. Qc2 h5 12. Ne5 c5 13. Be3 cxd4 14. Bxd4 1-0

[Event "IECC CL0-2020.00 email"]
[Site "IECC email"]
[Date "2020.11.01"]
[Round "?"]
[White "Martin, Hector Eduardo Lope"]
[Black "Shim Ng Min, Francis"]
[Result "0-1"]
[WhiteElo "1022"]
[BlackElo "1114"]
[PlyCount "36"]
[EventDate "2020.06.13"]
[EventType "tourn (corr)"]
[EventRounds "4"]
[SourceTitle "Corr 2022"]
[Source "ChessBase"]
[SourceDate "2021.10.24"]
[SourceVersion "1"]
[SourceVersionDate "2021.10.24"]
[SourceQuality "1"]

1. d4 Nf6 2. c4 e6 3. g3 d5 4. Bg2 Be7 5. Nf3 0-0 6. c5 a5 7. Nc3 b6 8. cxb6 cxb6 9. Bf4 Nc6 10. Ne5 Bb7 11. 0-0 Nd7 12. Nxd7 Qxd7 13. Qa4 Rfd8 14. a3 Bf6 15. Rad1 h6 16. Be3 Ba6 17. Qc2 Rac8 18. Na4 Nxd4 0-1

[Event "LSS No Engine Cup 205 Preliminary 0"]
[Site "LSS email"]
[Date "2020.07.06"]
[Round "?"]
[White "Caudill, Tom"]
[Black "Martin, Hector Eduardo Lope"]
[Result "1-0"]
[WhiteElo "1476"]
[BlackElo "1391"]
[PlyCount "51"]
[EventDate "2020.07.06"]
[EventType "tourn (corr)"]
[EventRounds "6"]
[EventCountry "GER"]
[SourceTitle "Corr 2022"]
[Source "ChessBase"]
[SourceDate "2021.10.24"]
[SourceVersion "1"]
[SourceVersionDate "2021.10.24"]
[SourceQuality "1"]

1. c4 c5 2. g3 Nc6 3. Bg2 g6 4. Nf3 Bg7 5. 0-0 e5 6. d3 Nf6 7. a3 0-0 8. Nc3 d5 9. cxd5 Nd4 10. Nxe5 Qb6 11. Nc4 Qb3 12. Bf4 Qxd1 13. Raxd1 Re8 14. e3 Nf5 15. Nb5 Rd8 16. e4 Nd4 17. Nxd4 cxd4 18. Bc7 Rd7 19. Be5 Ng4 20. Bxg7 Kxg7 21. h3 Nf6 22. Ne5 Rd6 23. Nf3 Rb6 24. Rd2 Bd7 25. Nxd4 a5 26. e5 1-0

[Event "LSS No Engine Cup 205 Preliminary 0"]
[Site "LSS email"]
[Date "2020.07.06"]
[Round "?"]
[White "Martin, Hector Eduardo Lope"]
[Black "Malmstrom, Jan"]
[Result "1-0"]
[WhiteElo "1391"]
[BlackElo "1656"]
[PlyCount "41"]
[EventDate "2020.07.06"]
[EventType "tourn (corr)"]
[EventRounds "6"]
[EventCountry "GER"]
[SourceTitle "Corr 2022"]
[Source "ChessBase"]
[SourceDate "2021.10.24"]
[SourceVersion "1"]
[SourceVersionDate "2021.10.24"]
[SourceQuality "1"]

1. c4 Nf6 2. g3 g6 3. Bg2 Bg7 4. e3 d6 5. d4 0-0 6. Nf3 Nbd7 7. Nc3 e5 8. d5 a5 9. 0-0 b6 10. Nb5 Nc5 11. Nh4 e4 12. f4 Ba6 13. a4 Bxb5 14. cxb5 Qe7 15. Bh3 Nd3 16. Qb3 Nd7 17. Rb1 N7c5 18. Qa2 f5 19. Bd2 Qf6 20. Bc3 Rf7 21. Bxf6 1-0

[Event "LSS No Engine Cup 205 Preliminary 0"]
[Site "LSS email"]
[Date "2020.07.06"]
[Round "?"]
[White "Verich, Oleg"]
[Black "Martin, Hector Eduardo Lope"]
[Result "1/2-1/2"]
[WhiteElo "1339"]
[BlackElo "1391"]
[PlyCount "87"]
[EventDate "2020.07.06"]
[EventType "tourn (corr)"]
[EventRounds "6"]
[EventCountry "GER"]
[SourceTitle "Corr 2022"]
[Source "ChessBase"]
[SourceDate "2021.10.24"]
[SourceVersion "1"]
[SourceVersionDate "2021.10.24"]
[SourceQuality "1"]

1. c4 c5 2. Nc3 b6 3. Nf3 g6 4. g3 Bg7 5. Bg2 Bb7 6. 0-0 Nf6 7. e3 0-0 8. d4 e6 9. Nb5 d6 10. Nd2 Bxg2 11. Kxg2 a6 12. Nc3 d5 13. dxc5 bxc5 14. cxd5 Nxd5 15. Nxd5 Qxd5+ 16. Qf3 Qxf3+ 17. Kxf3 f5 18. Rb1 Nc6 19. Nc4 Rfd8 20. Bd2 Rd3 21. b3 Ne5+ 22. Nxe5 Bxe5 23. Ba5 Rb8 24. Ke2 Rd5 25. f4 c4 26. fxe5 Rxa5 27. bxc4 Rxa2+ 28. Kf3 Rc8 29. Rb6 Rxc4 30. Rxe6 Re4 31. Rf2 Ra3 32. Re2 Kf7 33. Rb6 Rxe5 34. Kf4 Re4+ 35. Kg5 Rg4+ 36. Kh6 a5 37. Kxh7 a4 38. Ra6 Re4 39. Rxg6 Rexe3 40. Rc2 Rac3 41. Rxc3 Rxc3 42. Ra6 f4 43. Ra7+ Kf6 44. Rxa4 1/2-1/2

[Event "IECC CL0-2020.00 email"]
[Site "IECC email"]
[Date "2020.04.12"]
[Round "?"]
[White "Martin, Hector Eduardo Lope"]
[Black "Stadler, Pavel"]
[Result "0-1"]
[WhiteElo "1025"]
[BlackElo "1193"]
[PlyCount "46"]
[EventDate "2020.02.17"]
[EventType "tourn (corr)"]
[EventRounds "4"]
[SourceTitle "Corr 2022"]
[Source "ChessBase"]
[SourceDate "2021.10.24"]
[SourceVersion "1"]
[SourceVersionDate "2021.10.24"]
[SourceQuality "1"]

1. e4 e5 2. d4 exd4 3. Nf3 Nc6 4. Bc4 Nf6 5. e5 Ne4 6. 0-0 d5 7. Bb5 Bd7 8. Bxc6 bxc6 9. Nxd4 Bc5 10. Be3 0-0 11. Nd2 Nxd2 12. Qxd2 Bb6 13. a4 c5 14. Nf3 c6 15. a5 Bc7 16. Bxc5 Re8 17. Rfe1 Bg4 18. Nd4 Qd7 19. f3 Bh5 20. Qg5 Bg6 21. Re2 h6 22. Qf4 f6 23. Rae1 fxe5 0-1

[Event "IECC CL0-2020.00 email"]
[Site "IECC email"]
[Date "2020.03.11"]
[Round "?"]
[White "Martin, Hector Eduardo Lope"]
[Black "Shim Ng Min, Francis"]
[Result "0-1"]
[WhiteElo "1034"]
[BlackElo "1131"]
[PlyCount "34"]
[EventDate "2020.02.01"]
[EventType "tourn (corr)"]
[EventRounds "4"]
[SourceTitle "Corr 2022"]
[Source "ChessBase"]
[SourceDate "2021.10.24"]
[SourceVersion "1"]
[SourceVersionDate "2021.10.24"]
[SourceQuality "1"]

1. e4 c5 2. c4 d6 3. Nc3 Nf6 4. Nd5 e6 5. Nxf6+ Qxf6 6. g3 Nc6 7. Qf3 Qd8 8. b3 Be7 9. Ne2 Nb4 10. Kd1 0-0 11. Bb2 d5 12. Nf4 dxe4 13. Qxe4 Bf6 14. Bxf6 Qxf6 15. Qb1 e5 16. a3 Nc6 17. Nd3 Qf3+ 0-1

[Event "RF-2020-0-00499"]
[Site "LSS email"]
[Date "2020.01.16"]
[Round "?"]
[White "Martin, Hector Eduardo Lope"]
[Black "Devies, Stefaan"]
[Result "1-0"]
[WhiteElo "1105"]
[BlackElo "1196"]
[PlyCount "45"]
[EventDate "2019.12.11"]
[EventType "tourn (corr)"]
[EventRounds "6"]
[EventCountry "GER"]
[SourceTitle "Corr 2022"]
[Source "ChessBase"]
[SourceDate "2021.10.24"]
[SourceVersion "1"]
[SourceVersionDate "2021.10.24"]
[SourceQuality "1"]

1. c4 e5 2. Nc3 b6 3. e4 Bb7 4. g3 Nc6 5. Bh3 Nf6 6. Nf3 Be7 7. 0-0 d6 8. d4 exd4 9. Nxd4 Nxd4 10. Qxd4 0-0 11. Nd5 Re8 12. Re1 c6 13. Nxe7+ Rxe7 14. e5 c5 15. Qc3 Ne4 16. Rxe4 Bxe4 17. Bg5 f6 18. exf6 Rf7 19. Be6 Qf8 20. Bxf7+ Qxf7 21. Re1 Bc6 22. Re7 Qg6 23. Rxg7+ 1-0

[Event "RF-2020-0-00499"]
[Site "LSS email"]
[Date "2020.01.16"]
[Round "?"]
[White "Rocek, Vladimir"]
[Black "Martin, Hector Eduardo Lope"]
[Result "1-0"]
[WhiteElo "1092"]
[BlackElo "1105"]
[PlyCount "71"]
[EventDate "2019.12.11"]
[EventType "tourn (corr)"]
[EventRounds "6"]
[EventCountry "GER"]
[SourceTitle "Corr 2022"]
[Source "ChessBase"]
[SourceDate "2021.10.24"]
[SourceVersion "1"]
[SourceVersionDate "2021.10.24"]
[SourceQuality "1"]

1. e4 c6 2. d4 d5 3. e5 g6 4. f4 Nh6 5. Nf3 Bg7 6. Bd3 0-0 7. 0-0 Bf5 8. c3 b5 9. Nh4 Bxd3 10. Qxd3 e6 11. Qg3 a5 12. Nd2 Na6 13. Ndf3 f5 14. Ng5 Qe7 15. b3 b4 16. a3 c5 17. axb4 cxb4 18. Qd3 Nc7 19. cxb4 axb4 20. Bd2 Ra3 21. Rxa3 bxa3 22. b4 Ra8 23. Ra1 a2 24. Qb3 Nb5 25. Nhf3 Ra3 26. Qb2 Nf7 27. Rxa2 Rxa2 28. Qxa2 h6 29. Nxf7 Kxf7 30. Qa6 Qd7 31. Qb6 Bf8 32. h3 Na3 33. Ne1 Nc4 34. Qa6 Nxd2 35. b5 Qc7 36. b6 1-0

[Event "LSS No Engine Cup 194 Preliminary 0"]
[Site "LSS email"]
[Date "2019.10.14"]
[Round "?"]
[White "Martin, Hector Eduardo Lope"]
[Black "Schleef, Harald"]
[Result "0-1"]
[WhiteElo "1399"]
[BlackElo "2060"]
[PlyCount "40"]
[EventDate "2019.10.15"]
[EventType "tourn (corr)"]
[EventRounds "6"]
[EventCountry "GER"]
[SourceTitle "Corr 2022"]
[Source "ChessBase"]
[SourceDate "2021.10.24"]
[SourceVersion "1"]
[SourceVersionDate "2021.10.24"]
[SourceQuality "1"]

1. Nf3 Nf6 2. c4 b6 3. g3 c5 4. Bg2 Bb7 5. 0-0 g6 6. b3 Bg7 7. Bb2 0-0 8. d4 cxd4 9. Bxd4 Nc6 10. e3 d5 11. c5 Nxd4 12. exd4 bxc5 13. Ne5 Ne4 14. f4 cxd4 15. Qd3 f6 16. Nf3 e5 17. fxe5 fxe5 18. Nbd2 Nc3 19. Qc2 e4 20. Ng5 d3 0-1

[Event "OP-2019-0-04833"]
[Site "LSS email"]
[Date "2019.08.22"]
[Round "?"]
[White "Leijen, Peter"]
[Black "Martin, Hector Eduardo Lope"]
[Result "1-0"]
[WhiteElo "2102"]
[BlackElo "1150"]
[PlyCount "39"]
[EventDate "2019.08.17"]
[EventType "tourn (corr)"]
[EventRounds "4"]
[EventCountry "GER"]
[SourceTitle "Corr 2022"]
[Source "ChessBase"]
[SourceDate "2021.10.24"]
[SourceVersion "1"]
[SourceVersionDate "2021.10.24"]
[SourceQuality "1"]

1. d4 d5 2. c4 dxc4 3. Nf3 Nf6 4. e3 b5 5. a4 bxa4 6. Qxa4+ Bd7 7. Qxc4 c6 8. Bd2 a5 9. Be2 e6 10. 0-0 Ne4 11. Be1 Qb6 12. b4 a4 13. Qc2 f5 14. Nc3 Nxc3 15. Bxc3 Bxb4 16. Rfb1 c5 17. dxc5 Qxc5 18. Rxb4 a3 19. Rc4 Qe7 20. Bb4 1-0

[Event "RF-2019-0-00483"]
[Site "LSS email"]
[Date "2019.08.03"]
[Round "?"]
[White "Chura, Michal"]
[Black "Martin, Hector Eduardo Lope"]
[Result "0-1"]
[WhiteElo "1178"]
[BlackElo "1141"]
[PlyCount "43"]
[EventDate "2019.06.19"]
[EventType "tourn (corr)"]
[EventRounds "6"]
[EventCountry "GER"]
[SourceTitle "Corr 2022"]
[Source "ChessBase"]
[SourceDate "2021.10.24"]
[SourceVersion "1"]
[SourceVersionDate "2021.10.24"]
[SourceQuality "1"]

1. f4 d5 2. Nf3 Nf6 3. e3 e6 4. b3 g6 5. Bb2 Nbd7 6. Be2 Bg7 7. 0-0 0-0 8. Ne5 c5 9. d4 Nxe5 10. fxe5 Ne4 11. Nd2 Qg5 12. Nxe4 dxe4 13. Ba3 b6 14. Bc1 Bb7 15. Bd2 f5 16. c3 a5 17. Bb5 Ba6 18. Bxa6 Rxa6 19. Qe2 Ra7 20. Rf4 h5 21. Raf1 h4 22. Rxh4 0-1

[Event "RF-2019-0-00480"]
[Site "LSS email"]
[Date "2019.06.30"]
[Round "?"]
[White "Csaba, Fodor"]
[Black "Martin, Hector Eduardo Lope"]
[Result "1-0"]
[WhiteElo "1326"]
[BlackElo "1147"]
[PlyCount "45"]
[EventDate "2019.05.24"]
[EventType "tourn (corr)"]
[EventRounds "6"]
[EventCountry "GER"]
[SourceTitle "Corr 2022"]
[Source "ChessBase"]
[SourceDate "2021.10.24"]
[SourceVersion "1"]
[SourceVersionDate "2021.10.24"]
[SourceQuality "1"]

1. e4 e6 2. d4 d5 3. e5 c5 4. c3 Nc6 5. Nf3 cxd4 6. Nxd4 Nxe5 7. f4 Nc6 8. Bd3 Nf6 9. Nd2 Bc5 10. N2f3 0-0 11. Be3 Qb6 12. b4 Bxd4 13. Nxd4 e5 14. fxe5 Nxe5 15. 0-0 Nxd3 16. Qxd3 Re8 17. a4 a5 18. bxa5 Rxa5 19. Nf5 Qe6 20. Bd4 Nh5 21. Qh3 Qg6 22. Ne7+ Kf8 23. Nxg6+ 1-0

[Event "RF-2019-0-00480"]
[Site "LSS email"]
[Date "2019.06.30"]
[Round "?"]
[White "Evtyugin, Yury Alekseevich"]
[Black "Martin, Hector Eduardo Lope"]
[Result "1-0"]
[WhiteElo "1007"]
[BlackElo "1147"]
[PlyCount "63"]
[EventDate "2019.05.24"]
[EventType "tourn (corr)"]
[EventRounds "6"]
[EventCountry "GER"]
[SourceTitle "Corr 2022"]
[Source "ChessBase"]
[SourceDate "2021.10.24"]
[SourceVersion "1"]
[SourceVersionDate "2021.10.24"]
[SourceQuality "1"]

1. Nf3 d5 2. d4 Nf6 3. c4 dxc4 4. Qa4+ Nc6 5. Qxc4 Qd5 6. e3 Qxc4 7. Bxc4 e6 8. a3 Na5 9. Bb5+ c6 10. Ba4 b5 11. Bc2 Bd6 12. b3 b4 13. Bd2 Nd5 14. 0-0 Ba6 15. Re1 Rc8 16. axb4 Bxb4 17. Be4 Nxb3 18. Rxa6 Bxd2 19. Nfxd2 Nxd2 20. Nxd2 Rc7 21. Bxd5 cxd5 22. g3 g5 23. Rea1 0-0 24. Rxa7 Rc3 25. Nf3 f6 26. Re7 Rc6 27. Raa7 Rb8 28. Rxh7 Ra8 29. Rag7+ Kf8 30. h4 Re8 31. hxg5 f5 32. Ne5 1-0

[Event "RF-2019-0-00480"]
[Site "LSS email"]
[Date "2019.06.30"]
[Round "?"]
[White "Martin, Hector Eduardo Lope"]
[Black "Ranalli, Emmanuel"]
[Result "1-0"]
[WhiteElo "1147"]
[BlackElo "1125"]
[PlyCount "50"]
[EventDate "2019.05.24"]
[EventType "tourn (corr)"]
[EventRounds "6"]
[EventCountry "GER"]
[SourceTitle "Corr 2022"]
[Source "ChessBase"]
[SourceDate "2021.10.24"]
[SourceVersion "1"]
[SourceVersionDate "2021.10.24"]
[SourceQuality "1"]

1. c4 e5 2. Nc3 Nc6 3. e4 Bc5 4. g3 Nf6 5. d3 d6 6. Be3 0-0 7. Bxc5 dxc5 8. Bh3 Bxh3 9. Nxh3 Nd4 10. 0-0 c6 11. a4 Qd6 12. a5 Rad8 13. Na4 h6 14. f4 h5 15. Ng5 Ng4 16. fxe5 Qxe5 17. Nf3 Nxf3+ 18. Qxf3 Rd6 19. Kg2 Rf6 20. Qe2 Rd8 21. Rxf6 gxf6 22. h3 Nh6 23. Rf1 Kh7 24. Qf2 Rg8 25. Qf4 Qxf4 1-0

[Event "LSS No Engine Cup 190 Preliminary 0"]
[Site "LSS email"]
[Date "2019.05.19"]
[Round "?"]
[White "Martin, Hector Eduardo Lope"]
[Black "Szczepanski, Zbigniew"]
[Result "0-1"]
[WhiteElo "1417"]
[BlackElo "2221"]
[PlyCount "20"]
[EventDate "2019.05.20"]
[EventType "tourn (corr)"]
[EventRounds "6"]
[EventCountry "GER"]
[SourceTitle "Corr 2022"]
[Source "ChessBase"]
[SourceDate "2021.10.24"]
[SourceVersion "1"]
[SourceVersionDate "2021.10.24"]
[SourceQuality "1"]

1. c4 e5 2. Nc3 Nf6 3. e4 Bc5 4. Nf3 Ng4 5. d4 exd4 6. Nxd4 Nxf2 7. Kxf2 Qf6+ 8. Qf3 Bxd4+ 9. Be3 Bxe3+ 10. Kxe3 Qb6+ 0-1

[Event "LSS No Engine Cup 189 Preliminary 0"]
[Site "LSS email"]
[Date "2019.04.15"]
[Round "?"]
[White "Littlewood, Richard"]
[Black "Martin, Hector Eduardo Lope"]
[Result "1-0"]
[WhiteElo "1600"]
[BlackElo "1421"]
[PlyCount "65"]
[EventDate "2019.04.16"]
[EventType "tourn (corr)"]
[EventRounds "6"]
[EventCountry "GER"]
[SourceTitle "Corr 2022"]
[Source "ChessBase"]
[SourceDate "2021.10.24"]
[SourceVersion "1"]
[SourceVersionDate "2021.10.24"]
[SourceQuality "1"]

1. e4 c6 2. d4 d5 3. e5 e6 4. Nf3 g6 5. Bg5 Be7 6. Qd2 Bxg5 7. Qxg5 Qxg5 8. Nxg5 Ne7 9. Nd2 Na6 10. Bxa6 bxa6 11. a4 Nf5 12. Ngf3 Rb8 13. Nb3 0-0 14. a5 h6 15. g4 Ng7 16. Ra2 f5 17. Nh4 Kh7 18. gxf5 Nxf5 19. Nxf5 Rxf5 20. Nc5 Rf4 21. c3 g5 22. b4 Rf3 23. Rc2 g4 24. Ke2 Kg6 25. Rg1 Kf5 26. Rg3 Rxg3 27. fxg3 Kg5 28. Ke3 h5 29. Rf2 Kg6 30. Rf6+ Kg5 31. Rf8 h4 32. gxh4+ Kxh4 33. Kf4 1-0

[Event "LSS No Engine Cup 189 Preliminary 0"]
[Site "LSS email"]
[Date "2019.04.15"]
[Round "?"]
[White "Sofia, Gerardo"]
[Black "Martin, Hector Eduardo Lope"]
[Result "1-0"]
[WhiteElo "1936"]
[BlackElo "1421"]
[PlyCount "23"]
[EventDate "2019.04.16"]
[EventType "tourn (corr)"]
[EventRounds "6"]
[EventCountry "GER"]
[SourceTitle "Corr 2022"]
[Source "ChessBase"]
[SourceDate "2021.10.24"]
[SourceVersion "1"]
[SourceVersionDate "2021.10.24"]
[SourceQuality "1"]

1. e4 c5 2. Nf3 d6 3. d4 Nf6 4. Nc3 Qa5 5. Bd2 Qb6 6. dxc5 dxc5 7. e5 Nh5 8. Ng5 g6 9. Bc4 e6 10. Qf3 Qc7 11. 0-0-0 Nc6 12. Nb5 1-0

[Event "IECC CL0-2018.00 email"]
[Site "IECC email"]
[Date "2018.10.07"]
[Round "?"]
[White "Martin, Hector Eduardo Lope"]
[Black "Raines, David T"]
[Result "1-0"]
[WhiteElo "1130"]
[BlackElo "1220"]
[PlyCount "85"]
[EventDate "2018.08.19"]
[EventType "tourn (corr)"]
[EventRounds "4"]
[SourceTitle "Corr 2022"]
[Source "ChessBase"]
[SourceDate "2021.10.24"]
[SourceVersion "1"]
[SourceVersionDate "2021.10.24"]
[SourceQuality "1"]

1. c4 e6 2. Nf3 Nf6 3. Nc3 b6 4. d4 Bb7 5. Bg5 Be7 6. Bxf6 Bxf6 7. e4 g6 8. e5 Bg7 9. Bd3 d5 10. b4 dxc4 11. Bxc4 0-0 12. d5 exd5 13. Bxd5 c6 14. Be4 Qe7 15. b5 Rd8 16. Qb3 c5 17. Nd5 Bxd5 18. Bxd5 Bxe5 19. 0-0 Bxa1 20. Rxa1 Nd7 21. Bxa8 Rxa8 22. Re1 Qf6 23. Qd5 Rd8 24. Rd1 Kf8 25. Ne5 Qe6 26. Qxe6 fxe6 27. Rxd7 Rxd7 28. Nxd7+ Ke7 29. Nb8 Kd6 30. Nc6 c4 31. Kf1 a6 32. Nd4 axb5 33. Nxb5+ Kc5 34. Nc3 Kd4 35. Ne2+ Kd3 36. Nf4+ Kd2 37. Nxe6 c3 38. Nd4 b5 39. Nb3+ Kc2 40. Ke2 Kb2 41. Kd3 b4 42. Kc4 c2 43. Kxb4 1-0

[Event "LSS No Engine Cup 182 Preliminary 0"]
[Site "LSS email"]
[Date "2018.09.13"]
[Round "?"]
[White "Martin, Hector Eduardo Lope"]
[Black "Hall, Dick"]
[Result "0-1"]
[WhiteElo "1449"]
[BlackElo "1407"]
[PlyCount "50"]
[EventDate "2018.09.14"]
[EventType "tourn (corr)"]
[EventRounds "6"]
[EventCountry "GER"]
[SourceTitle "Corr 2022"]
[Source "ChessBase"]
[SourceDate "2021.10.24"]
[SourceVersion "1"]
[SourceVersionDate "2021.10.24"]
[SourceQuality "1"]

1. e4 e5 2. Nf3 d5 3. Nxe5 Bd6 4. d4 dxe4 5. Bc4 Bxe5 6. dxe5 Qxd1+ 7. Kxd1 Nc6 8. Bf4 Nge7 9. Bb5 Bg4+ 10. Ke1 0-0-0 11. Nc3 h6 12. h3 Bf5 13. g4 Bg6 14. Rc1 Nd4 15. Ba4 h5 16. g5 Nf3+ 17. Kf1 Bf5 18. Kg2 Ng6 19. Ne2 Nd4 20. Nxd4 Rxd4 21. Bh2 Rxa4 22. a3 Nh4+ 23. Kg3 Nf3 24. Kf4 Bxh3 25. Bg3 Bg2 0-1

[Event "IECC CL0-2018.00 email"]
[Site "IECC email"]
[Date "2018.07.28"]
[Round "?"]
[White "Martin, Hector Eduardo Lope"]
[Black "De Booij, Marco"]
[Result "1/2-1/2"]
[WhiteElo "1208"]
[BlackElo "1148"]
[PlyCount "95"]
[EventDate "2018.06.21"]
[EventType "tourn (corr)"]
[EventRounds "4"]
[SourceTitle "Corr 2022"]
[Source "ChessBase"]
[SourceDate "2021.10.24"]
[SourceVersion "1"]
[SourceVersionDate "2021.10.24"]
[SourceQuality "1"]

1. c4 c5 2. g3 g6 3. Nc3 Bg7 4. Bg2 Nc6 5. e4 Nf6 6. Nge2 0-0 7. d4 cxd4 8. Nxd4 Qb6 9. Nxc6 dxc6 10. 0-0 Be6 11. Qb3 Qc7 12. Bf4 Qc8 13. Rad1 Nh5 14. Qb4 Nxf4 15. gxf4 Qc7 16. Ne2 Rad8 17. b3 c5 18. Qa3 b6 19. Qc1 Bc8 20. Rxd8 Rxd8 21. e5 Bb7 22. f3 Qc8 23. Rd1 e6 24. Nc3 Bh6 25. Ne2 Qa8 26. Kf2 Bf8 27. Nc3 Bh6 28. h4 Rxd1 29. Nxd1 Qd8 30. Kg3 Qd4 31. Nf2 Qxe5 32. Ng4 Qg7 33. Qd2 Bxf4+ 34. Qxf4 Qf8 35. h5 f5 36. Ne5 Qd6 37. hxg6 hxg6 38. Nxg6 Qd7 39. Qb8+ Kg7 40. Nh4 Qe7 41. Qxa7 Qg5+ 42. Kh3 f4 43. Qxb7+ Kf6 44. Kh2 Qxh4+ 45. Kg1 Qe1+ 46. Bf1 Qg3+ 47. Bg2 Qe1+ 48. Bf1 1/2-1/2